[Event "NRW-Liga I 9394"]
[Site "Germany"]
[Date "1994.??.??"]
[Round "?"]
[White "Zimmermann, Rolf"]
[Black "Seegers, Hendrik"]
[Result "1-0"]
[WhiteElo "2130"]
[BlackElo "2315"]

1.c4 c6 2.d4 d5 3.e3 e6 4.Nf3 f5 5.Nc3 Nf6 6.Bd2 Bd6 7.a3 O-O 8.b4 Nbd7 9.b5 Ne4
10.Bd3 Qe7 11.Qc2 Nxd2 12.Nxd2 Nf6 13.c5 Bc7 14.f4 Ng4 15.Nd1 Bd7 16.Rb1 g5
17.g3 h5 18.Nf3 Ba5+ 19.Ke2 gxf4 20.gxf4 Kh8 21.Nf2 Rg8 22.a4 Rac8 23.h3 Nxf2
24.Kxf2 b6 25.bxc6 Bxc6 26.Rhg1 bxc5 27.Rxg8+ Rxg8 28.Qxc5 Qxc5 29.dxc5 Bc3
30.Bb5 Rb8 31.Rc1 Bxb5 32.axb5 Ba5 33.Nd4 Kg8 34.Ra1 Bc3 35.Rxa7 Bxd4 36.exd4 Rxb5
37.c6 Rb2+ 38.Ke1 Rc2 39.c7  1-0

[Event "NRW-Liga I 9394"]
[Site "Germany"]
[Date "1994.??.??"]
[Round "?"]
[White "Bachmann, Karlheinz"]
[Black "Kreutzkamp, Reinhold"]
[Result "1/2-1/2"]
[WhiteElo "2325"]
[BlackElo "2260"]

1.c4 c6 2.d4 d5 3.cxd5 cxd5 4.Nf3 Nf6 5.Nc3 Nc6 6.Bf4 Bf5 7.e3 e6 8.Bb5 Nd7
9.O-O Rc8 10.Ne5 Ndxe5 11.Bxe5 a6 12.Bxc6+ Rxc6 13.Rc1 f6 14.Bg3 Qd7 15.Ne2 Rxc1
16.Qxc1 Be7 17.Qc3 O-O 18.Rc1 Bd8 19.Bc7 Be7  1/2-1/2

[Event "BL9394 (Women)"]
[Site "Germany"]
[Date "1994.??.??"]
[Round "?"]
[White "Baginskaite, Kamile"]
[Black "Olbrich, Marina"]
[Result "1/2-1/2"]
[WhiteElo "2330"]
[BlackElo "2290"]

1.c4 c6 2.Nf3 Nf6 3.d4 d5 4.Nc3 dxc4 5.a4 Bf5 6.e3 e6 7.Bxc4 Bb4 8.O-O Nbd7
9.Qe2 Bg6 10.e4 Bxc3 11.bxc3 Nxe4 12.Ba3 Nb6 13.Bb3 Qc7 14.c4 O-O-O 15.Bc2 Nc3
16.Qd2 Ne4 17.Qe2 Nc3 18.Qd2 Ne4 19.Qe2  1/2-1/2

[Event "BL2-W9394"]
[Site "Germany"]
[Date "1994.??.??"]
[Round "?"]
[White "Telljohann, Sven"]
[Black "Karkanaque, Ilir"]
[Result "1/2-1/2"]
[WhiteElo "2385"]
[BlackElo "2355"]

1.c4 c6 2.Nf3 d5 3.d4 Nf6 4.Nc3 dxc4 5.a4 e6 6.e3 c5 7.Bxc4 Nc6 8.O-O Be7
9.Qe2 cxd4 10.exd4 O-O 11.Rd1 Nd5 12.Ne5 Nxe5 13.Bxd5 Nc6 14.Bc4 Bf6 15.Be3 Nxd4
16.Bxd4 Bxd4 17.Nb5 e5 18.Nxd4 exd4 19.Qe4 Qb6 20.Qxd4 Qxd4 21.Rxd4 Re8 22.Rad1 g6
23.Bb5 Rf8 24.Bd7 Rb8 25.g4 a5 26.b3 b6 27.h3 Kg7 28.R1d3 Rd8 29.Kg2 Rb7
30.Bxc8 Rxc8 31.Rd6 Kf8 32.g5 Ke7 33.Rf6 Rc5 34.h4 b5 35.Re3+ Kd8 36.Rd6+ Kc8
37.Re8+ Kc7 38.Ra6 bxa4 39.bxa4 Rb4 40.Raa8 Rxh4 41.Rec8+ Kd6 42.Rxc5 Kxc5
43.Rxa5+ Kb4 44.Ra7 Rg4+ 45.Kh3 Rxg5 46.Rxf7 Rh5+ 47.Kg4 Kxa4 48.f4  1/2-1/2

[Event "GER CupT"]
[Site "Germany"]
[Date "1994.??.??"]
[Round "1"]
[White "Uhlmann, Wolfgang"]
[Black "Huebner, Robert"]
[Result "1-0"]
[WhiteElo "2475"]
[BlackElo "2610"]

1.c4 c6 2.d4 d5 3.Nc3 e5 4.e3 exd4 5.exd4 Nf6 6.Nf3 Be7 7.Qb3 O-O 8.cxd5 cxd5
9.Bd3 Nc6 10.h3 a6 11.O-O Be6 12.Bf4 b5 13.Rac1 Rc8 14.a4 b4 15.Ne2 Qb6 16.Be3 Na5
17.Qd1 Rxc1 18.Nxc1 b3 19.Ne5 Rc8 20.Ne2 Qb4 21.Bxa6 Rc2 22.Bb5 Nc4 23.Bc1 Bf5
24.Ng3 Bg6 25.Nc6 Qd6 26.Qf3 Ne4 27.Qxb3 Nxf2 28.Bf4 Qxf4 29.Nxe7+ Kh8 30.Nxg6+ hxg6
31.Qxc2  1-0

[Event "Landesliga S9495 Bayern"]
[Site "Germany"]
[Date "1994.??.??"]
[Round "1"]
[White "Schuette, Manfred"]
[Black "Pitschka, Claus"]
[Result "1-0"]
[WhiteElo "2235"]
[BlackElo "2185"]

1.c4 c6 2.Nc3 d5 3.cxd5 cxd5 4.d4 Nc6 5.Nf3 Nf6 6.Bf4 Bg4 7.e3 Bxf3 8.Qxf3 e6
9.Bd3 Be7 10.O-O O-O 11.Rac1 Rc8 12.g4 Na5 13.Kh1 Nc4 14.Qe2 a6 15.Rg1 Re8
16.Rg3 Bd6 17.Bxd6 Nxd6 18.Rcg1 Nde4 19.Bxe4 Nxe4 20.Nxe4 dxe4 21.g5 e5 22.Rd1 Qd5
23.a3 exd4 24.Rxd4 Rc1+ 25.Kg2 Qc6 26.Rg4 g6 27.Rf4 Re5 28.h4 Rc2 29.Qg4 Rxb2
30.Rf6 Qe8 31.Rfd6 Kg7 32.Rf6 h5 33.Qf4 Rbb5 34.Rc4 Qe7 35.a4 Rbd5 36.Rc8 b5
37.Rb6 Rf5 38.Qb8 Rxg5+ 39.hxg5 Qxg5+ 40.Qg3 Qe7 41.Kh2 bxa4 42.Rc7 Rd7 43.Rxd7 Qxd7
44.Qe5+ Kh7 45.Rb8  1-0

[Event "Graz op"]
[Site "Graz"]
[Date "1994.??.??"]
[Round "4"]
[White "Simic, Dusan"]
[Black "Schieder, Josef"]
[Result "1-0"]
[WhiteElo "2245"]
[BlackElo "2010"]

1.c4 c6 2.d4 d5 3.cxd5 cxd5 4.Nc3 Nf6 5.Nf3 Nc6 6.Bf4 Bf5 7.e3 e6 8.Bb5 Nd7
9.O-O Rc8 10.Rc1 Be7 11.Qa4 a6 12.Be2 O-O 13.a3 Qa5 14.b4 Qd8 15.b5 Nb6 16.Qd1 Na5
17.Nb1 Nac4 18.bxa6 bxa6 19.Ne5 Bxb1 20.Rxb1 Bxa3 21.Bd3 a5 22.Qh5 f5 23.g4 Nxe5
24.Bxe5 g6 25.Qh6 Rf7 26.gxf5 exf5 27.Bxf5 Rc6 28.Bd3 Bf8 29.Qh3 Bg7 30.Bg3 Rf8
31.Bb5 Rc8 32.Qe6+ Kh8 33.Rfc1 Nc4 34.Bxc4 dxc4 35.Rxc4 Rxc4 36.Qxc4 Qa8
37.Ra1 h5 38.h4 g5 39.Qc5 gxh4 40.Qxh5+ Kg8 41.Qxh4 Rf6 42.Qg4 Rh6 43.e4 Qc6
44.Rb1 a4 45.d5 Qa6 46.d6 Kh7 47.Qf5+ Rg6 48.d7 Qd6 49.Kh2 Qe7 50.Rb6  1-0

[Event "GRE-ch"]
[Site "?"]
[Date "1994.??.??"]
[Round "8"]
[White "Kourkounakis, Ilias"]
[Black "Lirindzakis, Timotheos"]
[Result "1/2-1/2"]
[WhiteElo "2405"]
[BlackElo "2395"]

1.c4 c6 2.e4 d5 3.exd5 cxd5 4.d4 Nf6 5.Nc3 Nc6 6.Bg5 Be6 7.Nf3 Qa5 8.cxd5 Nxd5
9.Bd2 Nxc3 10.bxc3 Qc7 11.c4 Bg4 12.Bc3 e6 13.d5 O-O-O 14.Be2 exd5 15.cxd5 Be6  1/2-1/2

[Event "Groningen op"]
[Site "Groningen"]
[Date "1994.??.??"]
[Round "3"]
[White "Krylov, Stanislav"]
[Black "Fontaine, Robert"]
[Result "1-0"]
[WhiteElo "2290"]
[BlackElo "2155"]

1.c4 c6 2.Nf3 d5 3.b3 Nf6 4.g3 Bg4 5.Bg2 Nbd7 6.Bb2 e6 7.O-O Bd6 8.d4 O-O
9.Ne5 Bf5 10.Nd2 h6 11.f3 Bh7 12.Kh1 Qc7 13.Nd3 Bxd3 14.exd3 Rfe8 15.f4 Rac8
16.Rc1 Qa5 17.a3 Qd8 18.b4 a5 19.c5 Bc7 20.Qb3 Ng4 21.Rce1 axb4 22.axb4 h5
23.Nf3 Nh6 24.b5 Nf5 25.b6 Bb8 26.Qd1 Nf6 27.Ng5 Ng4 28.Qf3 Qf6 29.Bh3 Nfh6
30.Qd1 Qg6 31.Bc1 Nf5 32.Nf3 f6 33.Re2 Kf7 34.Qe1 Re7 35.Rg2 Rh8 36.Qe2 Rhe8
37.Bd2 Rh8 38.Re1 Rhe8 39.Qf1 Rh8 40.Qg1 Ree8 41.Qf1 Re7 42.Rg1 Rhe8 43.Re2 Rh8
44.Qe1 Rhe8 45.Bf1 Ngh6 46.Reg2 Rh8 47.Be2 Qh7 48.h3 g6 49.Rh2 h4 50.gxh4 Ng8
51.h5 gxh5 52.Nh4 Nxh4 53.Qxh4 Kf8 54.Rhg2 Rf7 55.Rg6 Ne7 56.Rxf6 Nf5 57.Qg5 h4
58.Rxe6 Ng3+ 59.Kh2 Rg8 60.Qd8+ Kg7 61.Re8 Rxe8 62.Qxe8 Bxf4 63.Bxf4 Rxf4
64.Qe5+ Rf6 65.Rg2 Qg6 66.Bh5 Qf5 67.Qxf5 Rxf5 68.Bg4 Rf7 69.Ra2 Nf1+ 70.Kg1 Ne3
71.Bc8 Rf3 72.Rf2 Rg3+ 73.Kh2 Nd1 74.Rg2 Rxg2+ 75.Kxg2 Ne3+ 76.Kf3 Nc2 77.Bxb7 Nb4
78.Kg4 Kg6 79.Bc8 Kh6 80.Bd7 Kg6 81.b7  1-0

[Event "Groningen op"]
[Site "Groningen"]
[Date "1994.??.??"]
[Round "6"]
[White "Gschwendtner, Stanislav"]
[Black "Fontaine, Robert"]
[Result "0-1"]
[WhiteElo "2270"]
[BlackElo "2155"]

1.c4 c6 2.Nf3 Nf6 3.g3 d5 4.b3 Bg4 5.Bg2 Nbd7 6.Bb2 e6 7.d3 Bd6 8.O-O O-O
9.Nbd2 Qe7 10.Qc2 Rac8 11.e3 Rfd8 12.h3 Bxf3 13.Nxf3 Ba3 14.Rfe1 Bxb2 15.Qxb2 Nc5
16.Rad1 dxc4 17.Qa3 cxd3 18.Ne5 Qf8 19.b4 d2 20.Re2 Nce4 21.Ng4 a5 22.Nxf6+ Nxf6
23.Qxa5 Ra8 24.Qb6 Rxa2 25.Qxb7 Rc2 26.Bxc6 Rb8 27.Qa6 Qxb4 28.Kg2 h6 29.Qa4 Qc3
30.Bf3 Rd8 31.e4 e5 32.Re3 Rd3 33.Rxd3 Qxd3 34.Be2 Qxe4+ 35.Qxe4 Nxe4 36.Ra1 g6
37.Bd3 Rc1  0-1

[Event "Groningen"]
[Site "Groningen"]
[Date "1994.??.??"]
[Round "10"]
[White "Gulko, Boris F"]
[Black "Beliavsky, Alexander G"]
[Result "1/2-1/2"]
[WhiteElo "2590"]
[BlackElo "2640"]

1.c4 c6 2.e4 d5 3.exd5 cxd5 4.d4 Nf6 5.Nc3 e6 6.Nf3 Be7 7.cxd5 Nxd5 8.Bd3 Nc6
9.O-O O-O 10.Re1 Bf6 11.a3 Qd6 12.Be4 Nce7 13.Ne5 g6 14.Bh6 Bg7 15.Bxg7 Kxg7
16.Qd2 Nf6 17.Rad1 Rd8 18.Re3 Bd7 19.Rf3 Neg8 20.g4 Be8 21.g5 Nh5 22.Na4 Qc7
23.Nc5 Rab8 24.Qc3 Qe7 25.Nxf7 Bxf7 26.d5+ e5 27.Ne6+ Bxe6 28.Qxe5+ Ngf6
29.gxf6+ Nxf6 30.Rdd3 Re8 31.Qxe6 Qxe6 32.dxe6 Rxe6 33.Bd5 Re7 34.Bb3 Nh5
35.Rde3 Rd7 36.Be6 Rc7 37.Bd5 Nf6 38.Be6 Rd8 39.Rc3 Re7 40.Rfe3 Rde8 41.Bb3 Rxe3
42.fxe3 Re7 43.h3 Ne4 44.Rd3 Nc5 45.Rc3 Nxb3 46.Rxb3 Kf6 47.Kf2 Ke6 48.Rb5 Kd6
49.Kf3 b6 50.h4 Re5 51.Rb4 b5 52.a4 a6 53.Rf4 Ke6 54.Ke2 Rd5 55.axb5 axb5
56.b4 h6 57.Re4+ Re5 58.Rd4 g5 59.hxg5 hxg5 60.Kf3 Rf5+ 61.Kg4 Re5  1/2-1/2

[Event "Gyongyos op"]
[Site "Gyongyos"]
[Date "1994.??.??"]
[Round "?"]
[White "Gyurkovics, Miklos"]
[Black "Dovzik, Juri"]
[Result "0-1"]
[WhiteElo "2255"]
[BlackElo "2375"]

1.c4 c6 2.e4 d5 3.exd5 cxd5 4.cxd5 Nf6 5.Qa4+ Nbd7 6.Nc3 g6 7.d4 Bg7 8.Qb3 O-O
9.Bg5 Nb6 10.Bxf6 Bxf6 11.Nf3 e6 12.d6 Qxd6 13.Ne4 Qe7 14.Nxf6+ Qxf6 15.Be2 Bd7
16.O-O Bc6 17.Ne5 Bd5 18.Qe3 Rac8 19.Rac1 Rfd8 20.b3 h5 21.f4 Bc6 22.Rc5 Nd5
23.Qf2 Ne7 24.Rfc1 Nf5 25.R5c4 Ra8 26.h3 h4 27.Bg4 Nd6 28.Nxc6 bxc6 29.Rxc6 Ne4
30.Qe3 Rxd4 31.f5 gxf5 32.Bxf5 Ng3 33.Bb1 Rad8 34.R6c4 Rd1+  0-1

[Event "Gyongyos op"]
[Site "Gyongyos"]
[Date "1994.??.??"]
[Round "?"]
[White "Gyurkovics, Miklos"]
[Black "Foldi, Istvan"]
[Result "1/2-1/2"]
[WhiteElo "2255"]
[BlackElo "2350"]

1.c4 c6 2.Nf3 Nf6 3.g3 g6 4.Bg2 Bg7 5.O-O O-O 6.d4 d5 7.cxd5 cxd5 8.Ne5 e6
9.Nc3 Nfd7 10.f4 Qb6 11.e3 Nc6 12.Nf3 Nf6 13.Bd2 Bd7 14.Na4 Qd8 15.Nc5 b6
16.Nxd7 Qxd7 17.Qe2 Rfc8 18.Rfc1 Qb7 19.Bf1 a6 20.Rc2 b5 21.Rac1 Ne4 22.Bh3 Bf8
23.Ne5 Nxe5 24.fxe5 Rxc2 25.Rxc2 Rc8 26.Qd3 Bh6 27.Rxc8+ Qxc8 28.Bg2 f5 29.exf6 Nxf6
30.Bf3 Kf7 31.Kf2 Qc6 32.Ke2 Bf8 33.Qc3 Qd7 34.Qa5 Qc6 35.Qc3 Qb7 36.Qc2 Bd6
37.Qd3 h5 38.Qc2 Be7 39.Be1 b4 40.Qd3 Qc6 41.Kd1 Qa4+ 42.Qb3 Qxb3+ 43.axb3 g5
44.h3 g4 45.Bg2 Bd6 46.h4 a5 47.Ke2 e5 48.Kd3 e4+ 49.Kd2 Ng8 50.Bf1 Ne7 51.Ba6 Kf6
52.Bb7 Nf5 53.Bxd5 Bxg3 54.Bxg3 Nxg3 55.Bc6 Nf5 56.Bxe4 Nxh4 57.Ke2 Nf5 58.Bxf5 Kxf5
59.Kf2 h4 60.Kg2 Ke4  1/2-1/2

[Event "Haarlem AKN"]
[Site "Haarlem"]
[Date "1994.??.??"]
[Round "5"]
[White "Forintos, Gyozo V"]
[Black "Bierenbroodspot, Paul"]
[Result "0-1"]
[WhiteElo "2445"]
[BlackElo "2300"]

1.c4 c6 2.Nf3 d5 3.g3 Nf6 4.Bg2 Bg4 5.O-O e6 6.h3 Bxf3 7.Bxf3 Bd6 8.Bg2 dxc4
9.a4 Qb6 10.Qc2 Qb3 11.Qxb3 cxb3 12.d4 Na6 13.Nd2 Nb4 14.e4 Nc2 15.Rb1 Nxd4
16.Re1 Nd7 17.Re3 Nc5 18.a5 Bc7 19.Nc4 e5 20.Bd2 O-O-O 21.Bb4 Na6 22.Be1 b5
23.axb6 axb6 24.Bf1 Kb7 25.Rc1 f6 26.h4 g5 27.hxg5 fxg5 28.Bc3 Nc5 29.Bb4 Na4
30.Be7 Rd7 31.Bxg5 Nc5 32.Bh3 Rf7 33.Nd2 Rhf8 34.Rf1 b5 35.Kg2 Ba5 36.Nb1 Nc2
37.Re2 Nd4 38.Re3 Rg8 39.Bh4 Nc2 40.Rf3 Rxf3 41.Kxf3 Rf8+ 42.Kg2 Nxe4 43.Bg4 Nxf2
44.Rxf2 Ne3+ 45.Kg1 Rxf2 46.Kxf2 Nxg4+ 47.Kf3 Nh6 48.Ke4 Nf7 49.g4 Nd6+ 50.Kxe5 Nc4+
51.Kf6 Bd8+ 52.Kg7 Bxh4 53.Kxh7 Bg5 54.Kg6 Bc1 55.g5 Bxb2 56.Kf7 b4 57.Ke6 Kb6
58.g6 Kc5 59.Kf7 Kd5 60.Nc3+ Bxc3  0-1

[Event "EU-ch U18"]
[Site "Hania"]
[Date "1994.??.??"]
[Round "2"]
[White "Ruck, Robert"]
[Black "Ferguson, Mark"]
[Result "1-0"]
[WhiteElo "2435"]
[BlackElo "2330"]

1.c4 c6 2.d4 d5 3.cxd5 cxd5 4.Nc3 Nc6 5.e4 dxe4 6.d5 Ne5 7.Qa4+ Nd7 8.Bf4 g5
9.Bxg5 Bg7 10.Qxe4 Ngf6 11.Qh4 Nb6 12.Rd1 Nfxd5 13.Bb5+ Kf8 14.Nge2 Qd6 15.O-O Bf5
16.Ng3 Bg6 17.Rfe1 Qc5 18.Nxd5 Nxd5 19.Bc4 Nf6 20.b3 h6 21.Be3 Qb4 22.Qd4 Ne8
23.Qd7 Nf6 24.Qc7 Kg8 25.Bc5 Qc3 26.Rxe7 Qc2 27.Rde1 Rf8 28.R7e2  1-0

[Event "Hania op"]
[Site "Hania"]
[Date "1994.??.??"]
[Round "2"]
[White "Ibragimov, Ildar"]
[Black "Koerant, Filipos"]
[Result "1-0"]
[WhiteElo "2480"]
[BlackElo "2205"]

1.c4 c6 2.e4 d6 3.d4 e5 4.Nf3 Bg4 5.Be2 Be7 6.Nbd2 Nd7 7.O-O Qc7 8.h3 Bh5
9.Re1 Ngf6 10.b3 Bxf3 11.Nxf3 Nxe4 12.Bd3 Nef6 13.Bb2 e4 14.Bxe4 Nxe4 15.Rxe4 Nf6
16.Re3 O-O 17.Qe2 Rae8 18.Re1 Qb8 19.d5 cxd5 20.Bxf6  1-0

[Event "EU-ch U18 Girls"]
[Site "Hania"]
[Date "1994.??.??"]
[Round "6"]
[White "Pitam, Ela"]
[Black "Danielian, Elina"]
[Result "1-0"]
[WhiteElo "2135"]
[BlackElo "2320"]

1.c4 c6 2.Nf3 d5 3.e3 Nf6 4.d4 Bf5 5.Nc3 e6 6.Be2 Nbd7 7.O-O Bd6 8.h3 Ne4
9.cxd5 exd5 10.Nd2 Nxd2 11.Bxd2 Nf6 12.a3 h5 13.b4 a6 14.f4 h4 15.Ra2 Rh6
16.Qe1 Kf8 17.Qf2 Qd7 18.Bf3 Kg8 19.Re1 Re8 20.Rb2 Bc7 21.a4 Qd6 22.b5 axb5
23.axb5 Bd3 24.bxc6 bxc6 25.Ra1 g5 26.Ra7 Rg6 27.Rbb7 Re7 28.Na4 gxf4 29.exf4 Rg3
30.Nc5 Bb5 31.Ba5 Ne8 32.Bxc7 Nxc7 33.Bg4 Rc3 34.Ra1 Qh6 35.Qd2 Rce3 36.Rxc7 Re8
37.Rc8 Rxc8 38.Qxe3  1-0

[Event "SWE-ch"]
[Site "Haparanda"]
[Date "1994.??.??"]
[Round "7"]
[White "Schneider, Lars Ake"]
[Black "Ernst, Thomas"]
[Result "1/2-1/2"]
[WhiteElo "2440"]
[BlackElo "2480"]

1.c4 c6 2.e4 d5 3.exd5 cxd5 4.cxd5 Nf6 5.Nc3 Nxd5 6.Nf3 e6 7.d4 Nc6 8.Bd3 Be7
9.O-O O-O 10.Re1 Bf6 11.Be4 Nce7 12.Qd3 g6 13.Bh6 Bg7 14.Qd2 Bd7 15.Bxd5 Nxd5
16.Nxd5 exd5 17.Qf4 Bxh6 18.Qxh6 f6 19.h4 Re8 20.h5 g5 21.Rxe8+ Bxe8 22.Re1 Bd7
23.Nh2 Qf8 24.Qxf8+ Kxf8 25.Rc1 Rc8 26.Rxc8+ Bxc8 27.g4 f5 28.f4 h6 29.Kf2 fxg4
30.Kg3 Kg7 31.Nxg4 gxf4+ 32.Kxf4 Bxg4 33.Kxg4  1/2-1/2

[Event "Hastings op9495"]
[Site "Hastings"]
[Date "1994.??.??"]
[Round "?"]
[White "Lalic, Bogdan"]
[Black "Summerscale, Aaron"]
[Result "1-0"]
[WhiteElo "2530"]
[BlackElo "2440"]

1.c4 c6 2.e4 d5 3.exd5 cxd5 4.cxd5 Nf6 5.Nc3 Nxd5 6.Nf3 e6 7.d4 Bb4 8.Bd2 Nc6
9.Bd3 O-O 10.O-O Be7 11.a3 Bf6 12.Qc2 h6 13.Be3 Nxe3 14.fxe3 g6 15.Rad1 Bg7
16.Rf2 Bd7 17.h4 Qa5 18.Ne4 Rad8 19.Qe2 e5 20.h5 exd4 21.hxg6 fxg6 22.Bc4+ Kh8
23.Nd6 dxe3 24.Qxe3 Be8 25.Rd5 Qc7 26.Rfd2 Qe7 27.Qd3 Kh7 28.Re2 Qf6 29.Ne4 Qf4
30.Rxd8 Nxd8 31.Rf2 Qg4 32.Nfg5+ hxg5 33.Rxf8 Bc6 34.Qxd8 Bxe4 35.Rh8+  1-0

[Event "Horgen SKA"]
[Site "Horgen"]
[Date "1994.??.??"]
[Round "1"]
[White "Landenbergue, Claude"]
[Black "Brunner, Lucas"]
[Result "1/2-1/2"]
[WhiteElo "2450"]
[BlackElo "2525"]

1.c4 c6 2.Nf3 d5 3.g3 dxc4 4.Bg2 b5 5.O-O Bb7 6.b3 cxb3 7.Qxb3 Nd7 8.a4 Qb6
9.d4 Ngf6 10.Nc3 e6 11.axb5 cxb5 12.Qxb5 Bb4 13.Qxb6 axb6 14.Rxa8+ Bxa8 15.Bd2 Ke7
16.Rb1 Ba5 17.Nd1 Rc8 18.Bxa5 bxa5 19.Ra1 Be4 20.Ne5 a4 21.Nxd7 Kxd7 22.Bxe4 Nxe4
23.Nb2 Nc3 24.Nxa4 Nxe2+ 25.Kg2 Kd6 26.Nb2 Nxd4 27.Ra7 Rc7 28.Ra8 e5 29.Nd1 f5
30.Rh8 g6 31.Ne3 Ne6 32.Ra8 e4 33.Ra4 Nc5 34.Rd4+ Ke5 35.Rc4 Ne6 36.Ra4 Nd4
37.h4 Nf3 38.Ra5+ Kd4 39.Rd5+ Kc3 40.Rxf5 gxf5 41.Nd5+ Kd2 42.Nxc7 Ke2 43.Ne6 Ne1+
44.Kg1 Nd3 45.Nd4+ Ke1 46.Nc2+ Kd2 47.Nd4 f4 48.gxf4 Nxf4 49.Kf1 h5 50.Nf5  1/2-1/2

[Event "Horgen SKA"]
[Site "Horgen"]
[Date "1994.??.??"]
[Round "7"]
[White "Schlosser, Philipp"]
[Black "Magem Badals, Jorge"]
[Result "1/2-1/2"]
[WhiteElo "2510"]
[BlackElo "2520"]

1.c4 c6 2.d4 d5 3.Nf3 Nf6 4.Nc3 a6 5.c5 Bf5 6.Qb3 Qc8 7.h3 Nbd7 8.Bf4 e6
9.Nh4 Bg6 10.e3 e5 11.Nxg6 hxg6 12.dxe5 Nxc5 13.Qc2 Nfe4 14.Nxe4 Nxe4 15.O-O-O Be7
16.Kb1 Bh4 17.g3 g5 18.gxh4 gxf4 19.Bd3 fxe3 20.Bxe4 dxe4 21.fxe3 Qe6 22.Qxe4 Rd8
23.Rd4  1/2-1/2

[Event "Horgen SKA"]
[Site "Horgen"]
[Date "1994.??.??"]
[Round "9"]
[White "Schlosser, Philipp"]
[Black "Godena, Michele"]
[Result "1/2-1/2"]
[WhiteElo "2510"]
[BlackElo "2485"]

1.c4 c6 2.d4 d5 3.Nf3 e6 4.Qc2 Nf6 5.Bg5 h6 6.Bxf6 Qxf6 7.g3 Nd7 8.Nbd2 dxc4
9.Bg2 Bb4 10.Qxc4 Qe7 11.O-O Bd6 12.Ne4 Bc7 13.b4 O-O 14.Rac1 a6 15.a4 Nb6
16.Qc5 Qd8 17.Qc2 Nd5 18.Qb3 a5 19.b5 cxb5 20.Qxb5 Bd7 21.Qxb7 Rb8 22.Qa6 Bxa4
23.Qc4 Bb5 24.Qa2 a4 25.Rb1 Ba5 26.Rxb5 Rxb5 27.Qxa4 Rb2 28.e3 Bc7 29.Qa1 Qb8
30.Nc5 Qb5 31.Nd3  1/2-1/2

[Event "Hospitalet op"]
[Site "Hospitalet"]
[Date "1994.??.??"]
[Round "5"]
[White "Suba, Mihai"]
[Black "Spassov, Liuben"]
[Result "0-1"]
[WhiteElo "2525"]
[BlackElo "2430"]

1.c4 c6 2.e4 d5 3.exd5 cxd5 4.d4 Nf6 5.Nc3 e6 6.Nf3 Bb4 7.cxd5 Nxd5 8.Bd2 Nc6
9.Bd3 Be7 10.Qe2 O-O 11.Rd1 Nf6 12.O-O Nb4 13.Bb1 Bd7 14.Ne5 Rc8 15.Rfe1 Nbd5
16.Qf3 Bc6 17.Qh3 Re8 18.Bg5 g6 19.Nxd5 Qxd5 20.Bxf6 Bxf6 21.Be4 Qa5 22.Nxf7 Kxf7
23.Qxh7+ Kf8 24.Qh6+ Bg7 25.Qf4+ Kg8 26.Bxg6 Rf8 27.Qg4 Qxa2 28.Rxe6 Rf4
29.Qxf4 Qxe6 30.Bf5 Qd5 31.Qg4 Re8 32.h4 Re7 33.Rd3 Bd7 34.Bxd7 Qxd7 35.Qf3 Rf7
36.Qe4 Rf5 37.d5 Re5 38.Qc4 Qd6 39.g3 Re7 40.b3 Rc7 41.Qe4 Re7 42.Qg4 Re8
43.Kh2 a6 44.Kh3 b6 45.f4 a5 46.h5 b5 47.Qg5 a4 48.bxa4 bxa4 49.Rc3 Qd7+
50.g4 Qb5 51.Rf3 Qe2 52.Kg3 Qe1+ 53.Kh3 Qh1+ 54.Kg3 Re2  0-1

[Event "HUN-chT 9394"]
[Site "?"]
[Date "1994.??.??"]
[Round "?"]
[White "Bernei, Andras"]
[Black "Vegh, Endre"]
[Result "1/2-1/2"]
[WhiteElo "2345"]
[BlackElo "2420"]

1.c4 c6 2.d4 d5 3.cxd5 cxd5 4.Nf3 Nf6 5.Nc3 Nc6 6.Ne5 e6 7.Nxc6 bxc6 8.g3 Be7
9.Bg2 O-O 10.O-O Qb6 11.b3 Ba6  1/2-1/2

[Event "HUN-chT 9394"]
[Site "?"]
[Date "1994.??.??"]
[Round "?"]
[White "Bodo, Norbert"]
[Black "Horvath, Peter"]
[Result "1/2-1/2"]
[WhiteElo "2275"]
[BlackElo "2395"]

1.c4 c6 2.Nc3 d5 3.cxd5 cxd5 4.d4 Nf6 5.Bg5 e6 6.e3 Be7 7.Bd3 O-O 8.Nf3 Nbd7
9.O-O Re8 10.Rc1 a6 11.a3 b5 12.b4 Nb6 13.Ne5 Bb7 14.Bxf6 Bxf6 15.Bxh7+ Kf8
16.Bd3 Bxe5 17.dxe5 Qh4 18.g3 Qh3 19.Ne2 Nc4 20.Nf4 Qh6 21.Bxc4 dxc4 22.Qg4 Rad8
23.Rfd1 Qh7 24.Rxd8 Rxd8 25.Rd1 Rxd1+ 26.Qxd1 Ke8 27.f3 g5 28.Qd6 Qb1+ 29.Kf2 gxf4
30.Qb8+ Ke7 31.Qd6+ Ke8  1/2-1/2

[Event "HUN-chT 9394"]
[Site "?"]
[Date "1994.??.??"]
[Round "?"]
[White "Bauer, Peter2"]
[Black "Varga, Peter"]
[Result "0-1"]
[WhiteElo "2210"]
[BlackElo "2250"]

1.c4 c6 2.d4 d5 3.e3 Nf6 4.Nc3 a6 5.Nf3 b5 6.cxd5 cxd5 7.Bd3 Nbd7 8.O-O e6
9.Ne5 Bb7 10.f4 Bd6 11.Bd2 Ne4 12.Be1 O-O 13.Qh5 f5 14.Nxd7 Qxd7 15.a3 Rfc8
16.Qe2 Qe7 17.Na2 Qd7 18.Ba5 Be7 19.Rfc1 Nd6 20.b3 g5 21.g3 gxf4 22.gxf4 Kh8
23.Bb4 Rg8+ 24.Kh1 Nc4 25.Rg1 a5 26.Rxg8+ Rxg8 27.Bxe7 Qxe7 28.Nc3 Bc6 29.Rg1 Rxg1+
30.Kxg1 Qxa3 31.bxc4 dxc4 32.Bxc4 Qxc3 33.Bxb5 Bd5 34.Kf2 Qb4 35.Bd7 a4 36.Qc2 a3
37.Qc8+ Kg7 38.Bxe6 Qd2+ 39.Kf1 Qd1+ 40.Kf2 Qf3+  0-1

[Event "HUN-chT 9394"]
[Site "?"]
[Date "1994.??.??"]
[Round "?"]
[White "Forintos, Gyozo V"]
[Black "Kaposztas, Miklos"]
[Result "1-0"]
[WhiteElo "2445"]
[BlackElo "2260"]

1.c4 c6 2.Nf3 Nf6 3.b3 g6 4.Bb2 Bg7 5.g3 O-O 6.Bg2 d5 7.O-O a5 8.Nc3 Bf5
9.d3 Na6 10.cxd5 cxd5 11.Qd2 Nb4 12.Na4 Rc8 13.Nd4 Bd7 14.a3 Na6 15.Rac1 Bxa4
16.Rxc8 Qxc8 17.bxa4 b6 18.Rc1 Qd7 19.Qc2 Nc5 20.Nb5 Qf5 21.h3 h5 22.Bc3 Rc8
23.Bxf6 Bxf6 24.d4 Qg5 25.h4 Qg4 26.Bf3 Qh3 27.Bxd5 Kg7 28.Bg2 Qe6 29.Kh2 Nb3
30.Qxc8 Nxc1 31.Qxc1 Qxe2 32.Kg1 Qd3 33.Bf1 Qf3 34.Qc7 Qg4 35.Kg2 Qe6 36.Qf4 Qb3
37.Qc7 Qe6 38.Kg1 Qg4 39.Kg2 Qe6 40.Qc3 g5 41.hxg5 Qd5+ 42.Qf3 Qxg5 43.Bc4 Qc1
44.Be2  1-0

[Event "HUN-chT 9394"]
[Site "?"]
[Date "1994.??.??"]
[Round "?"]
[White "Horvath, Gyula"]
[Black "Vegh, Endre"]
[Result "1/2-1/2"]
[WhiteElo "2435"]
[BlackElo "2380"]

1.c4 c6 2.Nc3 d5 3.d4 Nf6 4.Nf3 a6 5.Qb3 e6 6.g3 dxc4 7.Qxc4 b5 8.Qb3 c5
9.dxc5 Bxc5 10.Bg2 O-O 11.Ne5 Ra7 12.Nd3 Bd4 13.a4 Bb7 14.Bxb7 Rxb7 15.axb5 axb5
16.O-O Qb6 17.Bg5 Nbd7 18.Bxf6 Nxf6 19.Nb4 Qc5 20.e3  1/2-1/2

[Event "HUN-chT 9394"]
[Site "?"]
[Date "1994.??.??"]
[Round "?"]
[White "Horvath, Jozsef"]
[Black "Varga, Zoltan"]
[Result "0-1"]
[WhiteElo "2515"]
[BlackElo "2290"]

1.c4 c6 2.d4 d5 3.Nc3 dxc4 4.e4 b5 5.a4 b4 6.Nb1 Ba6 7.Nf3 Nf6 8.e5 Nd5 9.Bd2 e6
10.Qc1 c5 11.Bxc4 Qb6 12.a5 Qb7 13.O-O Nd7 14.Be3 Rc8 15.b3 Be7 16.Nbd2 O-O
17.Re1 Rfd8 18.Qc2 h6 19.Qe4 cxd4 20.Bxd4 Nc5 21.Bxc5 Rxc5 22.h4 Nc3 23.Qxb7 Bxb7
24.a6 Bc6 25.Re3 Bxh4 26.Rae1 Be7 27.Rd3 Rxd3 28.Bxd3 Ra5 29.Nd4 Bd5 30.Ne2 Ra3
31.Nc4 Nxe2+ 32.Bxe2 Rxb3 33.Rd1 Bc5 34.Kf1 Rc3 35.Nd6 b3 36.Nb5 Rc2 37.Nc7 Bxg2+
38.Kxg2 Rxe2  0-1

[Event "HUN-chT 9394"]
[Site "?"]
[Date "1994.??.??"]
[Round "?"]
[White "Karolyi, Tibor Jr"]
[Black "Kiss, Pal"]
[Result "1/2-1/2"]
[WhiteElo "2395"]
[BlackElo "2440"]

1.c4 c6 2.d4 d5 3.Nf3 Nf6 4.Qc2 dxc4 5.Qxc4 Bf5 6.g3 e6 7.Bg2 Nbd7 8.O-O Be7
9.Nbd2 Ne4 10.e3 O-O 11.Nxe4 Bxe4 12.Rd1 Nf6 13.b3 Qd5 14.Qxd5 cxd5 15.Bb2 Rfc8
16.Rdc1 Nd7 17.Ne1 Bxg2 18.Kxg2 Kf8 19.Nd3 Ke8 20.Kf3 Kd8 21.Ke2 Rxc1 22.Rxc1 Rc8
23.Rxc8+  1/2-1/2

[Event "HUN-chT 9394"]
[Site "?"]
[Date "1994.??.??"]
[Round "?"]
[White "Kaposztas, Miklos"]
[Black "Almasi, Istvan"]
[Result "1/2-1/2"]
[WhiteElo "2260"]
[BlackElo "2370"]

1.c4 c6 2.d4 d5 3.cxd5 cxd5 4.Nf3 Nf6 5.Nc3 Nc6 6.Bf4 Ne4 7.Qb3 e6 8.e3 Nxc3
9.bxc3 Bd6 10.Bxd6 Qxd6 11.c4 dxc4 12.Bxc4 O-O 13.O-O Na5 14.Qd3 Nxc4 15.Qxc4 b6
16.Rfc1 Bb7 17.Qc7 Qd5 18.Ne1 Rfc8 19.Qe7 Re8 20.Qa3 e5 21.dxe5 Qxe5 22.Rd1  1/2-1/2

[Event "HUN-chT2 9394"]
[Site "?"]
[Date "1994.??.??"]
[Round "?"]
[White "Kustar, Sandor"]
[Black "Tomcsanyi, Peter"]
[Result "1-0"]
[WhiteElo "2360"]
[BlackElo "2290"]

1.c4 c6 2.d4 d5 3.Nf3 Nf6 4.Qc2 g6 5.Bf4 Bg7 6.e3 O-O 7.Nbd2 Bf5 8.Bd3 Bxd3
9.Qxd3 Nbd7 10.Qa3 Re8 11.h3 Ne4 12.cxd5 cxd5 13.O-O e5 14.dxe5 Nxe5 15.Bxe5 Nxd2
16.Nxd2 Bxe5 17.Nf3 Bg7 18.Rfd1 Qb6 19.Rd2 Rad8 20.Qd3 Rd7 21.Rad1 a6 22.Rc2 Bf6
23.Rcd2 Red8 24.g3 Qe6 25.Kg2 h5 26.h4 Rd6 27.b3 R6d7 28.Ng1 Kg7 29.Nh3 Qc6
30.Rc2 Qe6 31.Nf4 Qe4+ 32.f3 Qxd3 33.Nxd3 b6 34.Kf2 a5 35.Ke2 Rd6 36.Rdc1 Kf8
37.Rc7 g5 38.hxg5 Bxg5 39.Rh1 Rh6 40.Ne5 Be7 41.g4 h4 42.g5 Rh5 43.f4 Re8
44.Kf3 Bd6 45.Rxf7+ Kg8 46.Rf5 Bxe5 47.fxe5 Kg7 48.Kg4 Reh8 49.Rh3 R5h7 50.Rhf3 Re8
51.Rf7+ Kg8 52.Rxh7 Kxh7 53.Rf5 Kg6 54.Rf6+ Kg7 55.e6 Rh8 56.Kh3 Rh5 57.e7  1-0

[Event "HUN-chT2 9394"]
[Site "?"]
[Date "1994.??.??"]
[Round "?"]
[White "Szollosi, Laszlo Jr"]
[Black "Molnar, Bela"]
[Result "0-1"]
[WhiteElo "2345"]
[BlackElo "2330"]

1.c4 c6 2.g3 d5 3.cxd5 cxd5 4.Bg2 Nc6 5.Nf3 Nf6 6.O-O e5 7.d3 Be7 8.a3 O-O
9.b4 Bg4 10.Nbd2 e4 11.Ne1 a5 12.h3 Bh5 13.g4 Bg6 14.bxa5 h5 15.g5 Nh7 16.f4 exf3
17.Ndxf3 Nxg5 18.Nxg5 Bxg5 19.Qb3 Nd4 20.Qa2 Rxa5 21.Nf3 Bf6 22.Rb1 Re8 23.Nxd4 Bxd4+
24.Kh1 Qe7 25.Qd2 b6 26.Qf4 Be5 27.Qf3 Bc7 28.Rf2 d4 29.Bf1 h4 30.Bd2 Rf5
31.Qg2 Qe5 32.a4 Qd6 33.Be1 Re3 34.Rb5 Rg3 35.Qa8+ Kh7 36.Bg2 Rxf2 37.Bxf2 Qf4
38.Bg1 Re3 39.Rb2 Bf5 40.Qd5 Bxh3 41.Qh5+ Kg8 42.Be4 Rg3  0-1